000
00325nam a2200121Ia 4500
008
220204s9999 xx 000 0 und d
082
_a
54:65
_b
MAD
100
_a
Madan Lal
245
0
_a
Small scale chemical industries: 200 profitable chemical industries
260
_a
Delhi
_b
SIRI
650
_a
Rubber chemicals
942
_c
BK
999
_c
24924
_d
24924